00752nam a2200181 a 450000100100000000500170001000800410002704000250006808200150009310000500010824501020015826000430026030000230030370000420032604900090036895201760037799900170055300003180020200930063206.0110706s1984 cu 000 0 spa d aDO-SdBNPbspacBNPHU axxxbR696c1 aRodríguez, Luís Felipe,d1888-194794200110aCienaga y otros relatos /cLui Felipe Rodríguez ; compilación, prólogo y notas Cira Romero. aHabana, Cuba :bLetras Cubanas,c1984. a554 p. , ;c24 cm.1 aRomero, Cira,ecomp.,epról.958019 aBNPD 001050718MOaPDbPDcCTd2011-07-06iLF1l0oxxx R696cp31800-10r2020-06-25w2020-06-25y1zPerteneció a la colección Juan Isidro Jiménez GrullónZNo se presta c31292d31292